Pooh : (Registro nro. 7003)
[ vista simple ]
| 000 -LEADER | |
|---|---|
| fixed length control field | 00869nam a22002537a 4500 |
| 003 - CONTROL NUMBER IDENTIFIER | |
| control field | OSt |
| 005 - DATE AND TIME OF LATEST TRANSACTION | |
| control field | 20201030110208.0 |
| 008 - FIXED-LENGTH DATA ELEMENTS--GENERAL INFORMATION | |
| fixed length control field | 201030s1997 ck a|||gr|||| 00| 0 spa d |
| 020 ## - INTERNATIONAL STANDARD BOOK NUMBER | |
| International Standard Book Number | 9580437912 |
| 040 ## - CATALOGING SOURCE | |
| Original cataloging agency | CO-JMCR |
| Transcribing agency | CO-JMCR |
| 041 1# - LANGUAGE CODE | |
| Language code of text/sound track or separate title | spa |
| Language code of original | eng |
| 082 04 - DEWEY DECIMAL CLASSIFICATION NUMBER | |
| Classification number | C / |
| Item number | FREp |
| Edition number | 23 |
| 100 1# - MAIN ENTRY--PERSONAL NAME | |
| Personal name | Fremont, Eleanor |
| Relator term | autor |
| 9 (RLIN) | 12292 |
| 245 10 - TITLE STATEMENT | |
| Title | Pooh : |
| Remainder of title | portate bien... no seas brusco / |
| Statement of responsibility, etc. | Eleanor Fremont ; ilustraciones de Darrell Baker ; traducción de María Candelaria Posada |
| 260 ## - PUBLICATION, DISTRIBUTION, ETC. | |
| Place of publication, distribution, etc. | Bogotá : |
| Name of publisher, distributor, etc. | Norma, |
| Date of publication, distribution, etc. | 1997. |
| 300 ## - PHYSICAL DESCRIPTION | |
| Extent | [21] páginas ; |
| Dimensions | 20 cm. |
| 490 0# - SERIES STATEMENT | |
| Series statement | Figuras Disney |
| 521 ## - TARGET AUDIENCE NOTE | |
| Target audience note | Infantil - Juvenil |
| Source | Tapa frontal |
| 650 24 - SUBJECT ADDED ENTRY--TOPICAL TERM | |
| Topical term or geographic name entry element | Literatura infantil |
| 9 (RLIN) | 12293 |
| 650 24 - SUBJECT ADDED ENTRY--TOPICAL TERM | |
| Topical term or geographic name entry element | Animales en la literatura |
| 9 (RLIN) | 12294 |
| 700 1# - ADDED ENTRY--PERSONAL NAME | |
| Personal name | Baker, Darrell, |
| Relator term | ilustrador |
| 9 (RLIN) | 3237 |
| 700 1# - ADDED ENTRY--PERSONAL NAME | |
| Personal name | Candelaria Posada, María, |
| Relator term | traductora |
| 9 (RLIN) | 12295 |
| 942 ## - ADDED ENTRY ELEMENTS (KOHA) | |
| Source of classification or shelving scheme | Dewey Decimal Classification |
| Koha item type | Books |
| Withdrawn status | Lost status | Source of classification or shelving scheme | Damaged status | Not for loan | Home library | Current library | Shelving location | Date acquired | Source of acquisition | Total Checkouts | Full call number | Barcode | Date last seen | Date last checked out | Copy number | Price effective from | Koha item type |
|---|---|---|---|---|---|---|---|---|---|---|---|---|---|---|---|---|---|
| Dewey Decimal Classification | Biblioteca Pública José María del Castillo y Rada | Biblioteca Pública José María del Castillo y Rada | General Stacks | 04/15/2018 | Donación | 23 | C / FREp | 201810225 | 02/04/2026 | 02/04/2026 | Ej.1 | 04/15/2018 | Books |